Theory and planning of preventive red locust control. (Record no. 57317)
[ view plain ]
| 000 -LEADER | |
|---|---|
| fixed length control field | 00467cam3a220018100 4500 |
| 001 - CONTROL NUMBER | |
| control field | tmp15889064 |
| 003 - CONTROL NUMBER IDENTIFIER | |
| control field | UPRA |
| 005 - DATE AND TIME OF LATEST TRANSACTION | |
| control field | 20190815090204.0 |
| 008 - FIXED-LENGTH DATA ELEMENTS--GENERAL INFORMATION | |
| fixed length control field | 951109s1973 xx eng u |
| 035 ## - SYSTEM CONTROL NUMBER | |
| System control number | (Sirsi) r74876 |
| 035 ## - SYSTEM CONTROL NUMBER | |
| System control number | (UPRA)tmp15889064 |
| 040 ## - CATALOGING SOURCE | |
| Transcribing agency | UPRA |
| 100 1# - MAIN ENTRY--PERSONAL NAME | |
| Personal name | Malujlo, I. |
| Linkage | A35504.1 |
| 245 10 - TITLE STATEMENT | |
| Title | Theory and planning of preventive red locust control. |
| 260 ## - PUBLICATION, DISTRIBUTION, ETC. | |
| Date of publication, distribution, etc. | 1973. |
| 949 ## - LOCAL PROCESSING INFORMATION (OCLC) | |
| a | (O2)1973/47 |
| w | lcc |
| m | MAIN |
| t | BOOK |
| l | ON-SHELF |
No items available.